Smiech i poézia Na slovíčko s Andrejom Mišanekom

Bibliographic Details
Main Author: Chilová, Kamila (Author)
Format: Article
Language:Slovak
Subjects:

MARC

LEADER 00000nab a2200000 a 4500
001 vtls000010477
003 SK-MaSNL
005 20260303021644.0
008 111103c1978 xo 0 slo
015 |a SNBRB19rr/mm-uuuuu 
035 |a CL0020571 
040 |a SNKBUCL  |b slo  |c SNKBUCL  |e AACR2 
041 0 |a slo 
044 |a xo  |c SK 
080 |a 741/744  |2 1981 
100 1 |a Chilová, Kamila  |4 aut  |9 5007 
245 1 0 |a Smiech i poézia  |b Na slovíčko s Andrejom Mišanekom  |c Kamila Chilová 
600 1 7 |a Mišanek, Andrej,  |d 1945-  |2 snkbucl  |9 97850 
655 7 |a články z novín a časopisov  |2 snkbucl  |9 267496 
773 0 |t Východoslovenské noviny  |g Roč. 27, č. 246 (18. 10. 1978), s. 4 
850 |a Slovenská národná knižnica v Martine  |a MTA001 
852 |a SNK  |b KIS3GCP 
958 |a RK 
992 |a RBX 
999 |c 1624490  |d 1626420